Telecommunications management : (Record no. 18015)
[ view plain ]
| 000 -LEADER | |
|---|---|
| fixed length control field | 00915cam a22002653u 4500 |
| 001 - CONTROL NUMBER | |
| control field | 007769211 |
| 005 - DATE AND TIME OF LATEST TRANSACTION | |
| control field | 20140302112921.0 |
| 008 - FIXED-LENGTH DATA ELEMENTS--GENERAL INFORMATION | |
| fixed length control field | 860428t1987 xxua grb 001 0 eng d |
| 020 ## - INTERNATIONAL STANDARD BOOK NUMBER | |
| International Standard Book Number | 0070565813 |
| 040 ## - CATALOGING SOURCE | |
| Original cataloging agency | Uk |
| Transcribing agency | Uk |
| 082 0# - DEWEY DECIMAL CLASSIFICATION NUMBER | |
| Classification number | 384.068 |
| Edition number | 22 |
| Item number | SHE |
| 100 1# - MAIN ENTRY--PERSONAL NAME | |
| Personal name | Sherman, Barry L. |
| 9 (RLIN) | 35041 |
| 245 10 - TITLE STATEMENT | |
| Title | Telecommunications management : |
| Remainder of title | the broadcast & cable industries / |
| Statement of responsibility, etc | Barry L. Sherman. |
| 260 ## - PUBLICATION, DISTRIBUTION, ETC. (IMPRINT) | |
| Place of publication, distribution, etc | New York, United States : |
| Name of publisher, distributor, etc | McGraw-Hill Book Company, |
| Date of publication, distribution, etc | c.1987. |
| 300 ## - PHYSICAL DESCRIPTION | |
| Extent | xxi, 417 p. : |
| Other physical details | ill. ; |
| Dimensions | 25 cm. |
| 490 0# - Series Statement | |
| Series statement | McGraw-Hill series in mass communication |
| 500 ## - GENERAL NOTE | |
| General note | Index : p. 405-417. |
| 504 ## - BIBLIOGRAPHY, ETC. NOTE | |
| Bibliography, etc | Includes bibliographical reference. |
| 650 #0 - SUBJECT ADDED ENTRY--TOPICAL TERM | |
| Topical term or geographic name as entry element | Broadcasting |
| General subdivision | Management |
| 9 (RLIN) | 35042 |
| 650 #0 - SUBJECT ADDED ENTRY--TOPICAL TERM | |
| Topical term or geographic name as entry element | Cable television |
| General subdivision | Management |
| 9 (RLIN) | 35043 |
| 650 #0 - SUBJECT ADDED ENTRY--TOPICAL TERM | |
| Topical term or geographic name as entry element | Telecommunication |
| General subdivision | Management |
| 9 (RLIN) | 4986 |
| 653 ## - INDEX TERM--UNCONTROLLED | |
| Resource For college | Engineering, General |
| Arrived date list | February2014 |
| 655 ## - INDEX TERM--GENRE/FORM | |
| Form subdivision | |
| -- | 34232 |
| 942 ## - ADDED ENTRY ELEMENTS (KOHA) | |
| Source of classification or shelving scheme | Dewey Decimal Classification |
| Call number prefix | 384.068 SHE |
| Withdrawn status | Item status | Source of classification or shelving scheme | Damaged status | Not for loan | Vendor | Home library | Current library | Shelving location | Date acquired | Source of acquisition | Total Checkouts | Full call number | Barcode | Date last seen | Koha item type |
|---|---|---|---|---|---|---|---|---|---|---|---|---|---|---|---|
| Dewey Decimal Classification | Donation-Gift | Central Library | Central Library | First floor | 03/02/2014 | Donation | 384.068 SHE | 000035569 | 15/07/2025 | Book - Borrowing |